000 01909cam a22004814i 4500
003 PE-LiUPU
005 20250731172836.0
008 150825s2013 sp r 001 0 spa d
020 _a9788429318845
035 _a(Sirsi) i9788429318845
040 _aPE-LiUPU
_bspa
_cPE-LiUPU
_erda
049 _aPRUA
082 0 4 _a242.1
_bL91
_220
100 1 _aLoyola, Ignacio de,
_eautor.
245 1 0 _aEjercicios espirituales /
_cIgnacio de Loyola, texto cuidado y revisado por Santiago Arzubialde.
264 1 _aSantander :
_bSal Terrae,
_c2013.
300 _a135 páginas ;
_c23 centímetros
336 _atext
_2rdacontent
337 _aunmediated
_2rdamedia
338 _avolume
_2rdacarrier
504 _aÍndice estructurado : 130-135.
505 0 _aTexto autógrafo de los ejercicios espirituales -- Primera semana -- Segunda semana -- Tercera semana -- Cuarta semana -- Modos y materia de oración -- Reglas y notas.
526 _aSEG42
526 _aSEG41
526 _aSEG40
526 _aSEG39
526 _aP94
526 _aP87
526 _aP86
526 _aP85
526 _aP77
526 _aP76
526 _aP35
650 4 _aEjercicios espirituales.
700 1 _aArzubialde, Santiago,
_erevisor técnico.
910 _acce
_bjvq
_ccce
_d20150825
942 _2ddc
_cBOOK
949 _aPGT 242.1 L91
_wDEWEY
_c1
_i71501
_d2016-10-4
_e2016-10-3
_lCCODEBUL1
_mBUL
_n1
_p9.00
_r0
_sY
_tBOOK
_u2015-8-25
_xTEOLOGIA
_PP85
_0COMPRA
_o.CIRCNOTE. No olvidar cambiar la fecha de devolución!!!!!!!
_o.STAFF. Posgrado
994 _aC0
_bPEPRU
596 _a1
999 _aPGT 242.1 L91
_wDEWEY
_c6979
_i71501
_d6979
_e2016-10-3
_f2021-11-10
_g5
_lCCODEBUL1
_mBUL
_n1
_p9.00
_r0
_sY
_tBOOK
_u2015-8-25
_xTEOLOGIA
_PP85
_0COMPRA
_o.CIRCNOTE. No olvidar cambiar la fecha de devolución!!!!!!!
_o.STAFF. Colección Teología
980 _81
_gALBERTO SANCHEZ Responsable de Automatización